LIBRARY & INFORMATION CENTRE, KCAET, TAVANUR

ONLINE PUBLIC ACCESS CATALOGUE (OPAC)

Kuruvikal / (Record no. 4120)

MARC details
000 -LEADER
fixed length control field 00443cam a2200181ua 4500
041 ## - LANGUAGE CODE
Language code of text/sound track or separate title mal
082 ## - DEWEY DECIMAL CLASSIFICATION NUMBER
Classification number 894.8121
Item number SRE/KU
100 ## - MAIN ENTRY--AUTHOR NAME
Personal name Sreedharamenon, Vailoppilli .
245 ## - TITLE STATEMENT
Title Kuruvikal /
250 ## - EDITION STATEMENT
Edition statement 1 /
260 ## - PUBLICATION, DISTRIBUTION, ETC. (IMPRINT)
Place of publication Thrissur :
Name of publisher Current Books ,
Year of publication 1961.
300 ## - PHYSICAL DESCRIPTION
Number of Pages 65 ; .
942 ## - ADDED ENTRY ELEMENTS (KOHA)
Koha item type Books
Holdings
Withdrawn status Lost status Damaged status Home library Current library Date acquired Full call number Accession Number Koha item type
Withdrawn     KAUAET KAUAET 07/04/2012 894.8121 80 Books
free website counter